| 000 | 01043nam a22003017a 4500 | ||
|---|---|---|---|
| 003 | CHAP | ||
| 005 | 20220329143819.0 | ||
| 008 | 110927s2010 mx r 00010 spa d | ||
| 010 | _a102230 | ||
| 011 | _a103202 | ||
| 035 | _a113891 | ||
| 040 | _cCHAP | ||
| 090 | _aTesis | ||
| 100 | 1 |
_aSalinas Torres, Luis Enrique _9101713 |
|
| 245 | 1 | 0 |
_aEvaluación de cuatro biofertilizantes tipo bocashi sobre el rendimiento de nopal verdura _c/por Luis Enrique Salinas Torres |
| 260 |
_aCocula, Gro. : _bEl autor, _c2010 |
||
| 300 |
_av, 52 h. : _bilus. |
||
| 502 | _aTesis (Ing. Agr. Zootecnista) -- CSAEGRO. Centro de Estudios Profesionales | ||
| 590 |
_aALEPH _b10 _c20130110 _lUCH01 _h1542 |
||
| 590 |
_aBATCH-UPD _b10 _c20130110 _lUCH01 _h0949 |
||
| 590 |
_aCONVERSION _b10 _c20130109 _lUCH01 _h1356 |
||
| 650 | 1 | 4 |
_aBiofertilizantes. _912734 |
| 650 | 1 | 4 |
_aNopal _xRendimiento. _981695 |
| 650 | 1 | 4 |
_aNopal _xValor nutritivo. _981702 |
| 901 | _aBK | ||
| 942 | _cTESIS | ||
| 949 |
_aTesis _bBC _cTES _d33724002302876 _eTS1 _gDonaciØn _h52824 _i113891 _sb |
||
| 999 |
_c102230 _d102230 |
||